| 000 | 00727nam a2200181 i 4500 | ||
|---|---|---|---|
| 001 | 47172 | ||
| 003 | ES-MaACL | ||
| 005 | 20250811072828.0 | ||
| 007 | t| | ||
| 008 | 030404s1964 sp ||||1| spa d | ||
| 110 | 2 |
_aPamlona. _bAyuntamiento. _96110 |
|
| 245 | 1 | 0 | _aConvenio entre el Excelentísimo Ayuntamiento de Pamplona y la Junta Central de Acuartelamiento del Ministerio del Ejército para la cesión de propiedades y terrenos militares enclavados en el casco urbano de esta ciudad. |
| 260 |
_a[Pamplona : _bs.n., _c1964] ( _fImp. Cometip) |
||
| 300 |
_a15 h. : _b3 map. ; _c34 cm. |
||
| 710 | 1 |
_aEspaña. _bMinisterio del Ejército _93939 |
|
| 852 |
_aES-MaACL _j1943-F-25 _bR.56023 |
||
| 999 |
_c47172 _d47172 |
||